000 01481cam a2200421Ia 4500
001 6201886
003 ARRUPE
005 20150408172329.0
008 070530s2007 enk b 001 0 eng d
015 _aGBA759129
_2bnb
016 7 _a013733301
_2Uk
020 _a1844671216
020 _a9781844671212
029 1 _aNLGGC
_b304315427
029 1 _aAU@
_b000041697325
029 1 _aNZ1
_b11389777
035 _a(OCoLC)ocn144610508
035 _a(NNC)6201886
035 _a(OrLoB)R0644631
035 _a(OCoLC)144610508
040 _aUUM
_cUUM
_dIXA
_dYDXCP
_dBTCTA
_dBAKER
_dYBM
_dBWK
_dUKM
_dNLGGC
_dVP@
050 4 _aHX833
_b.C74 2012
082 0 4 _a170
_222
084 _a08.38
_2bcl
100 1 _aCritchley, Simon,
_d1960-
_97701
245 1 0 _aInfinitely demanding :
_bethics of commitment, politics of resistance /
_cSimon Critchley.
260 _aLondon ;
_aNew York :
_bVerso,
_c2012
300 _aviii, 168 p. ;
_c21 cm.
440 _aRadical Thinkers
_916998
504 _aIncludes bibliographical references and index.
505 0 _aIntroduction: the possibility of commitment -- 1. Demanding approval - a theory of ethical experience -- Dividualism - how to build an ethical subject -- The problem of sublimation -- Anarchic metapolitics - political subjectivity.
650 0 _aPolitical ethics
_911131
650 0 _aAnarchism.
_916755
942 _2lcc
_cMONOGRAPH
948 0 _a20070614
_bb
_crf4
_dMPS
948 1 _a20080630
_bc
_cink2
_dMPS
999 _c122542
_d122542